Communications Receivers : DSP, Software Radios, and Design /

Gespeichert in:
Bibliographische Detailangaben
1. Verfasser: Rohde, Ulrich L. (autor)
Weitere Verfasser: Whitaker, Jerry C. (autor) (autor)
Format: Buch
Sprache:Englisch
Veröffentlicht: EUA : McGraw-Hill, 2001, c2001
Ausgabe:3a edición
Schlagworte:
Tags: Tag hinzufügen
Keine Tags, Fügen Sie das erste Tag hinzu!

MARC

LEADER 00000nam^a2200000^a^4500
001 000121954
005 20250521000000.0
009 20260310094445.27
020 |a 0-07-136121-9 
037 |a Acervo ITESO - Biblioteca 
041 |a ING 
082 |a 621. 38418  |b ROH 
100 |a Rohde, Ulrich L.  |e (autor) 
245 1 0 |a Communications Receivers :  |b DSP, Software Radios, and Design /  |c U.L. Rohde, J.C. Whitaker. 
250 |a 3a edición 
264 4 |a EUA :  |b McGraw-Hill,  |c 2001, c2001 
300 |a XV, 712 p. 
336 |a texto  |b txt  |2 rdacontenido 
337 |a sin mediación  |b n  |2 rdamedio 
338 |a volumen  |b nc  |2 rdasoporte 
649 |a XX 
650 |a Radio -  |x Receptores y Recepción -  |x Diseño y Construcción 
650 |a Radio -  |x Equipo y Aparatos 
650 |a Telecomunicaciones 
650 |a Sistemas de Telecomunicación 
650 |a Ingeniería Electrónica 
700 |a Whitaker, Jerry C.  |e (autor) 
910 |a Fondo General 
920 |a Impresos - Libros 
930 |a Colección General 
905 |a 101 
901 |a 0500056251  |b IT1  |c ACC  |u 20250521 
902 |a https://opac.biblio.iteso.mx/vufind/Record/000121954